| 000 | 00389nam a22001457a 4500 | ||
|---|---|---|---|
| 020 | _a8185594066 | ||
| 082 |
_a624.171 _bJUN/ME |
||
| 100 |
_aJunnarkar,S.B _9536 |
||
| 100 |
_aShah,H.J _9535 |
||
| 245 | _aMechanics of Structures: Vol.1(Strength of Materials),(Entirely in SI Units) | ||
| 250 | _a24 th | ||
| 260 |
_aAnand _bCharotar Publishing House _c2002 |
||
| 300 | _a1076 | ||
| 942 | _cBK | ||
| 999 |
_c14498 _d14498 |
||